|
|
|
|
| LEADER |
00000nas a2200000 a 4500 |
| 001 |
ssj0002150763 |
| 003 |
WaSeSS |
| 005 |
20200512172242.0 |
| 006 |
m d |
| 007 |
cr n |
| 008 |
780331c19769999bl x m s 0 b0por c |
| 010 |
|
|
|a sf 89029323
|z sn 85009858
|
| 022 |
|
|
|l 0101-5303
|y 0101-5303
|
| 030 |
|
|
|a ESTTEM
|
| 035 |
|
|
|a (WaSeSS)ssj0002150763
|
| 040 |
|
|
|a YUS
|b eng
|c YUS
|d NSD
|d DLC
|d CAS
|d DLC
|d OCLCQ
|d OCLCF
|d OCLCO
|d OCLCQ
|d WaSeSS
|
| 041 |
0 |
|
|a por
|b eng
|
| 042 |
|
|
|a nsdp
|a pcc
|
| 050 |
|
4 |
|a QE1
|b .E88
|
| 210 |
0 |
|
|a Estud. tecnol.
|
| 222 |
|
0 |
|a Estudos tecnológicos
|
| 245 |
0 |
0 |
|a Estudos tecnológicos
|h [electronic resource].
|
| 260 |
|
|
|a São Leopoldo, SP, Brazil :
|b UNISINOS,
|c [1976]-
|
| 310 |
|
|
|a Irregular
|
| 362 |
0 |
|
|a Vol. 1, no. 1 (1977)-
|
| 506 |
|
|
|a License restrictions may limit access.
|
| 515 |
|
|
|a Issues for 1977-1984 numbered v. 1, no. 1-v. 8, no. 28; for 1985-<1994>, numbered v. 9-<v. 17>.
|
| 515 |
|
|
|a Issues for <1999-2003> lack numbering, which is absorbed as volume designation into numbering of analytic titles.
|
| 588 |
|
|
|a Latest issue consulted: Vol. 11, published in 1987.
|
| 650 |
|
0 |
|a Geology.
|
| 650 |
|
7 |
|a Geology.
|2 fast
|0 (OCoLC)fst00940627
|
| 655 |
|
0 |
|a Electronic journals.
|
| 710 |
2 |
|
|a Universidade do Vale do Rio dos Sinos.
|
| 850 |
|
|
|a DLC
|
| 856 |
4 |
0 |
|z Full text available from Research Library: 01/01/2011 to 12/31/2015
|u https://search.proquest.com/publication/2040960
|
| 856 |
4 |
0 |
|z Full text available from Research Library: 01/01/2018 to present
|u https://search.proquest.com/publication/2040960
|